LEADER 01139nam0 2200349 450 001 000027938 005 20101103114343.0 010 $a88-14-15180-6$bv. 1 010 $a88-14-15181-4$bv. 2 010 $a88-14-15182-2$bv. 3 010 $a88-14-15183-0$bv. 4 100 $a20101103d2009----km-y0itay50------ba 101 0 $aita 102 $aIT 105 $ay-------001yy 200 1 $aDiritto processuale civile$fFrancesco P. Luiso 205 $a5. ed. 210 $aMilano$cGiuffrè$d2009 215 $a4 v.$d24 cm 327 1 $a1.: Principi generali$a2.: Il processo di cognizione$a3.: Il processo esecutivo$a4.: I processi speciali 500 10$aDiritto processuale civile$941580 610 1 $aDiritto processuale civile 676 $a347.4505$v21 700 1$aLuiso,$bFrancesco Paolo$0132945 801 0$aIT$bUNIPARTHENOPE$c20101103$gRICA$2UNIMARC 912 $a000027938 951 $aE-0047{I]$b42692$cNAVA3$d2010 951 $aE-0047{II]$b42693$cNAVA3$d2010 951 $aE-0047{III]$b42694$cNAVA3$d2010 951 $aE-0047{IV]$b42695$cNAVA3$d2010 996 $aDiritto processuale civile$941580 997 $aUNIPARTHENOPE LEADER 00847nam0 22002413i 450 001 VAN00094962 005 20240806100700.217 100 $a20130906d1990 |0itac50 ba 101 $aeng 102 $aGB 105 $a|||| ||||| 200 1 $aAlfred Marshall's mission$fDavid Reisman 210 $aHoundmills$aLondon$cMacmillan$d1990 215 $aV, 309 p.$d24 cm. 620 $aGB$dLondon$3VANL000015 620 $dHoundmills$3VANL000528 700 1$aReisman$bDavid$3VANV075898$0477276 801 $aIT$bSOL$c20260130$gRICA 899 $aBIBLIOTECA DEL DIPARTIMENTO DI ECONOMIA$1IT-CE0106$2VAN03 912 $aVAN00094962 950 $aBIBLIOTECA DEL DIPARTIMENTO DI ECONOMIA$d03PREST IIIBb92 $e03 2843 20130906 996 $aAlfred Marshall's mission$91144266 997 $aUNICAMPANIA